[Event "DEN-ch G5-1"]
[Site "Svendborg"]
[Date "2018.03.28"]
[Round "5"]
[White "Damsbo, Villy"]
[Black "Overgaard, Jorgen"]
[Result "1/2-1/2"]
[WhiteElo "1855"]
[BlackElo "1825"]
[PlyCount "45"]
[EventDate "2018.03.24"]
[EventType "swiss"]
[EventRounds "5"]
[EventCountry "DEN"]
[SourceTitle "EXT 2019"]
[Source "ChessBase"]
[SourceDate "2018.10.10"]
[SourceVersion "1"]
[SourceVersionDate "2018.10.10"]
[SourceQuality "1"]

1. d4 d5 2. Nf3 e6 3. g3 f5 4. Bg2 c6 5. 0-0 Bd6 6. Ne5 Nf6 7. c4 0-0 8. cxd5 exd5 9. f4 Ne4 10. Nd2 Nd7 11. Nxe4 fxe4 12. Bh3 Nf6 13. Bxc8 Qxc8 14. Kg2 Qf5 15. Bd2 h5 16. e3 g6 17. b4 a6 18. a4 Kg7 19. Rb1 Rac8 20. Qe2 Qe6 21. b5 axb5 22. axb5 c5 23. dxc5 1/2-1/2

[Event "DEN-ch G5-1"]
[Site "Svendborg"]
[Date "2018.03.25"]
[Round "2"]
[White "Overgaard, Jorgen"]
[Black "Jorgensen, Orla Eilegaard"]
[Result "1-0"]
[WhiteElo "1825"]
[BlackElo "1659"]
[PlyCount "131"]
[EventDate "2018.03.24"]
[EventType "swiss"]
[EventRounds "5"]
[EventCountry "DEN"]
[SourceTitle "EXT 2019"]
[Source "ChessBase"]
[SourceDate "2018.10.10"]
[SourceVersion "1"]
[SourceVersionDate "2018.10.10"]
[SourceQuality "1"]

1. d4 b6 2. Bf4 Bb7 3. e3 Nf6 4. Nd2 e6 5. Ngf3 c5 6. c3 cxd4 7. exd4 d5 8. Ne5 Nbd7 9. Ndf3 Be7 10. Nxf7 Kxf7 11. Ng5+ Kg8 12. Nxe6 Qc8 13. Nc7 Rb8 14. Bd3 Ne4 15. Bxe4 dxe4 16. Qb3+ Kf8 17. Ne6+ Ke8 18. Nxg7+ Kd8 19. Bxb8 Qxb8 20. 0-0 Nf6 21. Ne6+ Kd7 22. Ng5 Rg8 23. Qe6+ Ke8 24. Nxh7 Rg6 25. Nxf6+ Rxf6 26. Qg8+ Rf8 27. Qg6+ Kd7 28. Qg4+ Ke8 29. Rfe1 Rf4 30. Qg8+ Rf8 31. Qg6+ Kd7 32. Qg4+ Ke8 33. Rxe4 Bxe4 34. Qxe4 Rf4 35. Qg6+ Kd7 36. Re1 Qf8 37. Qe6+ Kd8 38. Qd5+ Kc7 39. f3 Bd6 40. Re6 Rf5 41. Qc4+ Kd7 42. d5 Bc5+ 43. Kh1 Rxf3 44. Qb5+ Kc7 45. Qc6+ Kd8 46. Qa8+ Kc7 47. Qxa7+ Kd8 48. Qb8+ Kd7 49. Qb7+ Kd8 50. Qa8+ Kd7 51. Qc6+ Kd8 52. Re8+ Qxe8 53. Qxe8+ Kxe8 54. gxf3 b5 55. Kg2 Ke7 56. b3 Kf6 57. a4 b4 58. cxb4 Bxb4 59. f4 Kf5 60. Kf3 Bd6 61. a5 Bxf4 62. a6 Bb8 63. h4 Ke5 64. h5 Kxd5 65. h6 Kc6 66. Ke4 1-0

[Event "DEN-ch G5-1"]
[Site "Svendborg"]
[Date "2018.03.24"]
[Round "1"]
[White "Svendsen, Peter Willer"]
[Black "Overgaard, Jorgen"]
[Result "1-0"]
[WhiteElo "1938"]
[BlackElo "1825"]
[PlyCount "137"]
[EventDate "2018.03.24"]
[EventType "swiss"]
[EventRounds "5"]
[EventCountry "DEN"]
[SourceTitle "EXT 2019"]
[Source "ChessBase"]
[SourceDate "2018.10.10"]
[SourceVersion "1"]
[SourceVersionDate "2018.10.10"]
[SourceQuality "1"]

1. e4 e5 2. Nf3 Nc6 3. Bc4 Nf6 4. d3 Be7 5. 0-0 0-0 6. c3 d6 7. h3 h6 8. Nbd2 Na5 9. Bb5 Bd7 10. Bxd7 Qxd7 11. Re1 Nc6 12. Nf1 Rae8 13. Ng3 Bd8 14. Nh4 Kh7 15. Nhf5 Ne7 16. Be3 b6 17. Qd2 Nfg8 18. Rad1 Qe6 19. b3 Nxf5 20. Nxf5 Ne7 21. Ng3 f5 22. f4 exf4 23. Bxf4 g5 24. exf5 Qg8 25. Be3 Nxf5 26. Bf2 Nxg3 27. Bxg3 Rxe1+ 28. Rxe1 Re8 29. d4 Rxe1+ 30. Qxe1 Qg6 31. Qe2 a5 32. Kh2 h5 33. Qb5 Qf7 34. Qc6 h4 35. Qe4+ Kh6 36. Be1 Qf4+ 37. Qxf4 gxf4 38. Kg1 Kg6 39. Kf2 Kf5 40. Kf3 d5 41. Bd2 Bg5 42. a4 c6 43. b4 Bh6 44. bxa5 bxa5 45. c4 dxc4 46. Bxa5 Bg7 47. Bd2 Bxd4 48. a5 c3 49. Bxf4 c2 50. Bc1 Ke5 51. a6 Kd5 52. Ke2 Kc4 53. Kd2 Kb5 54. Kxc2 Kxa6 55. Kd3 Bf2 56. Bf4 Kb5 57. Ke2 Bd4 58. Bg5 Kc4 59. Bxh4 Kd5 60. Kd3 c5 61. Bg5 c4+ 62. Ke2 Ke4 63. g4 c3 64. h4 c2 65. Bc1 Be5 66. h5 Bf4 67. Bxf4 Kxf4 68. Kd2 Kxg4 69. h6 1-0

[Event "DEN-ch G5-1 A"]
[Site "Skorping"]
[Date "2017.04.11"]
[Round "4"]
[White "Overgaard, Jorgen"]
[Black "Jacobsen, Hans Endrup"]
[Result "0-1"]
[WhiteElo "1820"]
[BlackElo "1944"]
[PlyCount "86"]
[EventDate "2017.04.08"]
[EventType "swiss"]
[EventRounds "5"]
[EventCountry "DEN"]
[SourceTitle "EXT 2020"]
[Source "ChessBase"]
[SourceDate "2019.10.17"]
[SourceVersion "1"]
[SourceVersionDate "2019.10.17"]
[SourceQuality "1"]

1. d4 Nf6 2. e3 d5 3. Bd3 c5 4. c3 Nc6 5. f4 Bg4 6. Nf3 e6 7. Nbd2 Bd6 8. h3 Bf5 9. Bxf5 exf5 10. Ne5 0-0 11. 0-0 Ne4 12. Qb3 Bxe5 13. fxe5 Qd7 14. Nf3 c4 15. Qd1 b5 16. Bd2 a5 17. a3 f6 18. exf6 Rxf6 19. Be1 h6 20. Nd2 Re8 21. Nxe4 Rxe4 22. Bd2 Ne7 23. Rf4 Ree6 24. Qf1 g5 25. Rf3 Kg7 26. g4 fxg4 27. hxg4 Rxf3 28. Qxf3 Re4 29. Rf1 Qxg4+ 30. Qxg4 Rxg4+ 31. Kh2 Re4 32. Rf3 Re6 33. Kg2 Rf6 34. Rxf6 Kxf6 35. Kf3 Kf5 36. Be1 h5 37. Bg3 g4+ 38. Ke2 Ke4 39. Bh4 Nf5 40. Bg5 h4 41. Kf2 g3+ 42. Kg1 h3 43. Bf4 Kf3 0-1

[Event "DEN-ch G5-1 A"]
[Site "Skorping"]
[Date "2017.04.08"]
[Round "1"]
[White "Overgaard, Jorgen"]
[Black "Damsbo, Villy"]
[Result "0-1"]
[WhiteElo "1820"]
[BlackElo "1852"]
[PlyCount "106"]
[EventDate "2017.04.08"]
[EventType "swiss"]
[EventRounds "5"]
[EventCountry "DEN"]
[SourceTitle "EXT 2020"]
[Source "ChessBase"]
[SourceDate "2019.10.17"]
[SourceVersion "1"]
[SourceVersionDate "2019.10.17"]
[SourceQuality "1"]

1. d4 e6 2. e3 d5 3. Bd3 Nf6 4. Nd2 c5 5. c3 Nc6 6. f4 Bd6 7. Ngf3 cxd4 8. cxd4 Qc7 9. 0-0 Bd7 10. Ne5 Ne7 11. g4 h5 12. g5 Bxe5 13. fxe5 Ng4 14. Qf3 f5 15. gxf6 gxf6 16. h3 0-0-0 17. hxg4 fxe5 18. dxe5 Qxe5 19. Qf4 Qg7 20. Qd4 e5 21. Qxa7 Qxg4+ 22. Kf2 Nc6 23. Qc5 Qh4+ 24. Ke2 Bg4+ 25. Nf3 e4 26. Bb5 Bxf3+ 27. Kd2 Qh2+ 28. Kc3 Qd6 29. Qxd6 Rxd6 30. Kd2 h4 31. Be2 Ne5 32. b3 Bxe2 33. Kxe2 Nd3 34. Bd2 Rg6 35. Rg1 Rhg8 36. Rxg6 Rxg6 37. Rf1 Rg2+ 38. Kd1 h3 39. Rf8+ Kd7 40. Rh8 h2 41. Kc2 Ne1+ 42. Kc3 Nf3 43. Rh7+ Ke6 44. Bc1 Rg1 45. Ba3 h1Q 46. Re7+ Kf6 47. Rxb7 Qh8 48. Rb6+ Kf5+ 49. Kb4 Qf8+ 50. Ka4 Qa8+ 51. Kb4 Rg6 52. Rb5 Rd6 53. Ra5 Rb6+ 0-1

[Event "Aarhus Chess House-B"]
[Site "Aarhus"]
[Date "2017.03.26"]
[Round "5"]
[White "Kristensen, Brian"]
[Black "Overgaard, Jorgen"]
[Result "0-1"]
[WhiteElo "1588"]
[BlackElo "1807"]
[PlyCount "40"]
[EventDate "2017.03.01"]
[EventType "swiss"]
[EventRounds "5"]
[EventCountry "DEN"]
[SourceTitle "EXT 2024"]
[Source "ChessBase"]
[SourceDate "2023.10.10"]
[SourceVersion "1"]
[SourceVersionDate "2023.10.10"]
[SourceQuality "1"]

1. Nf3 d5 2. d4 c6 3. Nc3 f5 4. e3 Nf6 5. Be2 e6 6. Ne5 Nbd7 7. Bh5+ g6 8. Nxg6 hxg6 9. Bxg6+ Ke7 10. b3 Rh6 11. Ba3+ c5 12. dxc5 Qa5 13. c6+ Qxa3 14. cxd7 Bxd7 15. Bxf5 Qa5 16. Qd2 exf5 17. Rd1 Be6 18. 0-0 Rc8 19. Ne2 Qc7 20. Nd4 Qxh2# 0-1

[Event "Helsingor Xtracon op"]
[Site "Helsingor"]
[Date "2016.07.30"]
[Round "9"]
[White "Overgaard, Jorgen"]
[Black "Skjolas, Erling Dyrhaug"]
[Result "0-1"]
[WhiteElo "1854"]
[BlackElo "1709"]
[PlyCount "84"]
[EventDate "2016.07.23"]
[EventType "swiss"]
[EventRounds "10"]
[EventCountry "DEN"]
[SourceTitle "CBM 173 Extra"]
[Source "ChessBase"]
[SourceDate "2016.08.29"]
[SourceVersion "1"]
[SourceVersionDate "2016.08.29"]
[SourceQuality "1"]

1. d4 Nf6 2. e3 g6 3. c3 Bg7 4. Bd3 d6 5. f4 0-0 6. Nf3 c5 7. 0-0 Nc6 8. Qe2 Re8 9. dxc5 dxc5 10. e4 e5 11. fxe5 Nxe5 12. Nxe5 Rxe5 13. Bf4 Re8 14. Bg5 h6 15. Bh4 g5 16. Bg3 Bg4 17. Qe3 b6 18. Na3 Nxe4 19. Bxe4 f5 20. Qd3 Rxe4 21. Qxd8+ Rxd8 22. h3 f4 23. Bxf4 Be2 24. Rae1 gxf4 25. Rf2 Rd1 26. Rxd1 Bxd1 27. Rd2 Bh5 28. Nb5 a6 29. Rd8+ Re8 30. Rxe8+ Bxe8 31. Nc7 Bc6 32. Nxa6 Be5 33. b4 Bb5 34. Nxc5 bxc5 35. bxc5 Bxc3 36. Kf2 Bd4+ 37. Kf3 Bc6+ 38. Kxf4 Bxg2 39. h4 Bxc5 40. Kf5 Kg7 41. a4 Bb4 42. Ke6 Bc6 0-1

[Event "Helsingor Xtracon op"]
[Site "Helsingor"]
[Date "2016.07.29"]
[Round "8"]
[White "Rasmussen, Morten Fredsgaard"]
[Black "Overgaard, Jorgen"]
[Result "1-0"]
[WhiteElo "1972"]
[BlackElo "1854"]
[PlyCount "55"]
[EventDate "2016.07.23"]
[EventType "swiss"]
[EventRounds "10"]
[EventCountry "DEN"]
[SourceTitle "CBM 173 Extra"]
[Source "ChessBase"]
[SourceDate "2016.08.29"]
[SourceVersion "1"]
[SourceVersionDate "2016.08.29"]
[SourceQuality "1"]

1. d4 d5 2. c4 e6 3. Nf3 c6 4. Nc3 f5 5. Bf4 Nf6 6. e3 Be7 7. Qc2 0-0 8. Bd3 Ne4 9. g4 Na6 10. a3 Nxc3 11. bxc3 g5 12. Be5 dxc4 13. Bxc4 fxg4 14. Bd3 Rxf3 15. Bxh7+ Kf8 16. Qg6 Bf6 17. Rg1 Bxe5 18. dxe5 Qa5 19. Qg8+ Ke7 20. Qxg5+ Kf8 21. Rxg4 Rf7 22. Qh6+ Ke8 23. Rd1 Qxc3+ 24. Kf1 Qxe5 25. Bg6 Ke7 26. Bxf7 Bd7 27. Qh4+ Kxf7 28. Rxd7+ 1-0

[Event "Helsingor Xtracon op"]
[Site "Helsingor"]
[Date "2016.07.28"]
[Round "7"]
[White "Overgaard, Jorgen"]
[Black "Christensen, Casper"]
[Result "1/2-1/2"]
[WhiteElo "1854"]
[BlackElo "2012"]
[PlyCount "38"]
[EventDate "2016.07.23"]
[EventType "swiss"]
[EventRounds "10"]
[EventCountry "DEN"]
[SourceTitle "CBM 173 Extra"]
[Source "ChessBase"]
[SourceDate "2016.08.29"]
[SourceVersion "1"]
[SourceVersionDate "2016.08.29"]
[SourceQuality "1"]

1. d4 Nf6 2. e3 g6 3. Bd3 Bg7 4. f4 0-0 5. Nf3 c5 6. c3 cxd4 7. exd4 d5 8. Nbd2 Nh5 9. g3 Nc6 10. 0-0 f6 11. Nh4 f5 12. Nhf3 Qb6 13. Qb3 Qxb3 14. axb3 Nf6 15. Ne5 Nxe5 16. dxe5 Ne4 17. Nf3 a6 18. Nd4 e6 19. b4 Bd7 1/2-1/2

[Event "Helsingor Xtracon op"]
[Site "Helsingor"]
[Date "2016.07.24"]
[Round "3"]
[White "Overgaard, Jorgen"]
[Black "Nilssen, Steinar"]
[Result "1-0"]
[WhiteElo "1854"]
[BlackElo "1575"]
[PlyCount "55"]
[EventDate "2016.07.23"]
[EventType "swiss"]
[EventRounds "10"]
[EventCountry "DEN"]
[SourceTitle "CBM 173 Extra"]
[Source "ChessBase"]
[SourceDate "2016.08.29"]
[SourceVersion "1"]
[SourceVersionDate "2016.08.29"]
[SourceQuality "1"]

1. d4 Nf6 2. e3 g6 3. Bd3 Bg7 4. c3 0-0 5. f4 b6 6. Nf3 Bb7 7. 0-0 d6 8. Nbd2 Re8 9. f5 e5 10. fxg6 hxg6 11. dxe5 dxe5 12. Bc4 Nd5 13. Qb3 Kh8 14. Ng5 Qxg5 15. Bxd5 c6 16. Ne4 Qg4 17. Nf2 Qf5 18. e4 Qd7 19. Bxf7 Re7 20. Bxg6 Bf8 21. Bf5 Qe8 22. Bg5 Rc7 23. Bf6+ Bg7 24. Ng4 Bc8 25. Bxc8 Qxc8 26. Rf5 Bxf6 27. Nxf6 Kg7 28. Qd1 1-0

[Event "DEN-ch G5-1"]
[Site "Svendborg"]
[Date "2016.03.23"]
[Round "5"]
[White "Henriksen, Ole"]
[Black "Overgaard, Jorgen"]
[Result "0-1"]
[WhiteElo "1603"]
[BlackElo "1774"]
[PlyCount "28"]
[EventDate "2016.03.19"]
[EventType "swiss"]
[EventRounds "5"]
[EventCountry "DEN"]
[SourceTitle "EXT 2023"]
[Source "ChessBase"]
[SourceDate "2022.10.05"]
[SourceVersion "1"]
[SourceVersionDate "2022.10.05"]
[SourceQuality "1"]

1. d4 d5 2. c4 e6 3. Nf3 c6 4. Nc3 f5 5. e3 Bd6 6. Bd3 Nf6 7. cxd5 exd5 8. Qc2 Ne4 9. Bd2 0-0 10. h4 Nd7 11. Ke2 Ndf6 12. g3 Ng4 13. Bxe4 fxe4 14. Ng1 Rxf2+ 0-1

[Event "DEN-ch G5-1"]
[Site "Svendborg"]
[Date "2016.03.21"]
[Round "3"]
[White "Overgaard, Jorgen"]
[Black "Damsbo, Villy"]
[Result "1-0"]
[WhiteElo "1774"]
[BlackElo "1875"]
[PlyCount "55"]
[EventDate "2016.03.19"]
[EventType "swiss"]
[EventRounds "5"]
[EventCountry "DEN"]
[SourceTitle "EXT 2023"]
[Source "ChessBase"]
[SourceDate "2022.10.05"]
[SourceVersion "1"]
[SourceVersionDate "2022.10.05"]
[SourceQuality "1"]

1. e4 c5 2. Nc3 e6 3. f4 d5 4. Bb5+ Nc6 5. d3 Nf6 6. e5 Nd7 7. Nf3 Be7 8. 0-0 Qc7 9. f5 Ncxe5 10. fxe6 fxe6 11. Ng5 Qb6 12. Bf4 Bf6 13. Bxe5 Bxe5 14. Bxd7+ Bxd7 15. Nf7 Bd4+ 16. Kh1 0-0 17. Qh5 Bf6 18. Rxf6 Be8 19. Nh6+ gxh6 20. Rxf8+ Kxf8 21. Qxh6+ Kg8 22. Rf1 Qd6 23. Nxd5 Bg6 24. Nf6+ Kh8 25. Nh5 Rg8 26. Nf4 Bf5 27. Qf6+ Rg7 28. Nh5 1-0

[Event "DEN-ch G5-1"]
[Site "Svendborg"]
[Date "2016.03.19"]
[Round "1"]
[White "Overgaard, Jorgen"]
[Black "Oehlerich, Per"]
[Result "0-1"]
[WhiteElo "1774"]
[BlackElo "1949"]
[PlyCount "160"]
[EventDate "2016.03.19"]
[EventType "swiss"]
[EventRounds "5"]
[EventCountry "DEN"]
[SourceTitle "EXT 2023"]
[Source "ChessBase"]
[SourceDate "2022.10.05"]
[SourceVersion "1"]
[SourceVersionDate "2022.10.05"]
[SourceQuality "1"]

1. e4 e6 2. d4 d5 3. e5 c5 4. c3 Nc6 5. Nf3 cxd4 6. cxd4 Bb4+ 7. Bd2 Bxd2+ 8. Nbxd2 Bd7 9. Bd3 Qb6 10. Nb3 Qb4+ 11. Qd2 b6 12. 0-0 Qxd2 13. Nfxd2 Nge7 14. f4 0-0 15. Rac1 Nb4 16. Bb1 Bb5 17. Rf3 g6 18. Rfc3 Rac8 19. Rxc8 Nxc8 20. a3 Na6 21. Na1 Ne7 22. Kf2 Kg7 23. Nf3 h6 24. Rc3 f6 25. Ke3 fxe5 26. fxe5 g5 27. h3 Nf5+ 28. Bxf5 Rxf5 29. Nb3 Rf7 30. Nbd2 Nc7 31. b3 Be8 32. a4 b5 33. axb5 Nxb5 34. Rc8 Bd7 35. Rd8 Re7 36. Rb8 Be8 37. Rc8 Kf7 38. b4 Rb7 39. Nb3 Na3 40. Nc5 Nc4+ 41. Kf2 Re7 42. Rb8 Na3 43. Nb7 Kg7 44. Nd6 Ba4 45. b5 Nc4 46. Ne8+ Kf7 47. Nf6 Nb6 48. Rh8 Kg6 49. Rxh6+ Kxh6 50. Ng8+ Kg7 51. Nxe7 Bxb5 52. Nxg5 Bd7 53. Ke2 a5 54. Kd2 a4 55. Kc2 Nc4 56. Kb1 Nd2+ 57. Ka2 Nb3 58. Nf3 Kf7 59. Nxd5 exd5 60. Ka3 Ke6 61. h4 Kf5 62. h5 Na5 63. h6 Nc4+ 64. Ka2 Kg6 65. h7 Kxh7 66. e6 Be8 67. g4 Kg6 68. Ka1 Kf6 69. g5+ Kxe6 70. Nh4 Nd6 71. Nf3 Kf5 72. Ka2 Ke4 73. Nh4 Nf5 74. Ng2 Nxd4 75. Ka3 Nc2+ 76. Kb2 Ne3 77. Nh4 d4 78. g6 d3 79. g7 Bf7 80. Kc3 a3 0-1

[Event "DEN-ch Senior"]
[Site "Skorping"]
[Date "2014.04.21"]
[Round "5"]
[White "Stald, Flemming"]
[Black "Overgaard, Jorgen"]
[Result "1-0"]
[WhiteElo "1869"]
[BlackElo "1666"]
[PlyCount "161"]
[EventDate "2014.04.17"]
[EventType "swiss"]
[EventRounds "5"]
[EventCountry "DEN"]
[SourceTitle "EXT 2023"]
[Source "ChessBase"]
[SourceDate "2022.10.05"]
[SourceVersion "1"]
[SourceVersionDate "2022.10.05"]
[SourceQuality "1"]

1. d4 d5 2. Nf3 e6 3. c4 f5 4. Nc3 c6 5. Bf4 Nf6 6. e3 Be7 7. Qc2 0-0 8. c5 Ne4 9. Be2 Nd7 10. Nd2 g5 11. Ndxe4 gxf4 12. Nd2 fxe3 13. fxe3 Bg5 14. Nf1 e5 15. Bd3 exd4 16. exd4 Qe7+ 17. Ne2 f4 18. Nd2 Bh4+ 19. Kd1 Nf6 20. h3 Re8 21. Nf3 Ne4 22. Bxe4 dxe4 23. Ne5 Bf5 24. Rf1 Bg5 25. Nxf4 Rad8 26. Qc4+ Kg7 27. Nh5+ Kh6 28. Nf7+ Kg6 29. Nxd8 Rxd8 30. Nf4+ Bxf4 31. Rxf4 Qe5 32. Ke2 Qxf4 33. Rf1 Qg5 34. g4 Bxg4+ 35. hxg4 Qxg4+ 36. Kd2 Rd5 37. Kc3 h5 38. b4 a6 39. a4 Qg3+ 40. Kd2 Qg2+ 41. Ke3 Qg4 42. Qc1 Qg5+ 43. Kxe4 Qxc1 44. Rxc1 h4 45. b5 h3 46. Rh1 Rh5 47. bxc6 bxc6 48. Kf4 Rd5 49. Rxh3 Rxd4+ 50. Ke5 Rd5+ 51. Ke6 Rxc5 52. Rg3+ Kh5 53. Re3 Rc1 54. Kd6 Kg4 55. Re5 Rc4 56. Ra5 c5 57. Rxa6 Rc1 58. Kd5 Kf4 59. a5 Ke3 60. Rc6 c4 61. Rxc4 Ra1 62. Rc5 Ra4 63. Kc6 Kd4 64. Rh5 Kc3 65. Kb6 Rb4+ 66. Rb5 Rh4 67. a6 Kc4 68. Rb1 Rh6+ 69. Ka5 Rh5+ 70. Ka4 Rh6 71. Rc1+ Kd5 72. Kb5 Rh2 73. Rd1+ Ke6 74. Rb1 Rh8 75. Kc6 Rd8 76. Re1+ Kf6 77. Kc7 Rd2 78. Rb1 Rc2+ 79. Kb7 Rd2 80. a7 Rd7+ 81. Ka6 1-0

[Event "DEN-ch corr"]
[Site "Denmark"]
[Date "1995.??.??"]
[Round "?"]
[White "Overgaard, Jorgen"]
[Black "Petersen, Lars"]
[Result "1/2-1/2"]
[WhiteElo "1907"]
[BlackElo "2144"]
[PlyCount "87"]
[EventDate "1995.??.??"]
[EventType "tourn (corr)"]
[EventRounds "6"]
[EventCountry "DEN"]
[SourceTitle "Corr 2000"]
[Source "ChessBase"]
[SourceDate "2000.04.19"]
[SourceVersion "1"]
[SourceVersionDate "2000.04.19"]
[SourceQuality "1"]

1. e4 c6 2. d4 d5 3. Nc3 dxe4 4. Nxe4 Nf6 5. Nxf6+ gxf6 6. c3 Bf5 7. Nf3 Qc7 8. g3 Nd7 9. Bg2 e6 10. Bf4 Bd6 11. Bxd6 Qxd6 12. 0-0 Bg4 13. Re1 0-0-0 14. a4 h5 15. h3 Bxf3 16. Qxf3 f5 17. a5 a6 18. b4 Rdg8 19. b5 cxb5 20. Qxb7+ Kd8 21. d5 e5 22. c4 bxc4 23. Rac1 h4 24. Rxc4 hxg3 25. fxg3 e4 26. Re3 Ke7 27. Rc6 Qb8 28. Qxa6 Qe5 29. d6+ Kf6 30. Rcc3 Ra8 31. Qb7 Rhd8 32. a6 Qd4 33. Kh2 Ra7 34. Qb2 Ne5 35. Qf2 Rh8 36. Kg1 Rxa6 37. Bxe4 Rxd6 38. Bxf5 Kg7 39. Kg2 Rf6 40. Qc2 Ra8 41. g4 Ra1 42. Qe2 Rfa6 43. Qf2 Rd1 44. Red3 1/2-1/2